000
00297nam a22001337a 4500
008
170413b xxu||||| |||| 00| 0 eng d
020
_a
9780521646857
041
_a
eng
080
_a
612.39
100
_a
10
101
_a
SHM
245
_a
FEEDING T HE TEN BILLION
_c
EVANS, L.T
942
_2
udc
_c
BK
999
_c
10635
_d
10635